[Event "BEL-chT 1314"]
[Site "Belgium"]
[Date "2013.09.29"]
[Round "2.4"]
[White "Marechal, Andy"]
[Black "Donovan, Linton"]
[Result "1/2-1/2"]
[WhiteElo "2348"]
[BlackElo "2261"]
[PlyCount "42"]
[EventDate "2013.09.22"]
[EventType "team-tourn"]
[EventRounds "11"]
[EventCountry "BEL"]
[SourceTitle "CBM 156 Extra"]
[Source "ChessBase"]
[SourceDate "2013.10.22"]
[SourceVersion "1"]
[SourceVersionDate "2013.10.22"]
[SourceQuality "1"]
[WhiteTeam "Fontaine"]
[BlackTeam "KBSK Brugge"]
[WhiteTeamCountry "BEL"]
[BlackTeamCountry "BEL"]

1. e4 e6 2. d4 d5 3. Nd2 Be7 4. c3 c5 5. dxc5 Nf6 6. exd5 Qxd5 7. b4 a5 8. Ngf3 Nc6 9. Bc4 Qh5 10. Qb3 0-0 11. 0-0 Nd5 12. Bxd5 exd5 13. Re1 Bf6 14. b5 a4 15. Qa3 Na7 16. Nd4 Bxd4 17. cxd4 Nxb5 18. Qb4 Bd7 19. Nf3 f6 20. Bf4 Bc6 21. Qd2 Rfe8 1/2-1/2

[Event "ROM-ch U14 Girls"]
[Site "Calimanesti"]
[Date "2013.04.05"]
[Round "6"]
[White "Bitica, Stefania"]
[Black "Marechal, Andy"]
[Result "0-1"]
[WhiteElo "1417"]
[BlackElo "1523"]
[PlyCount "76"]
[EventDate "2013.04.02"]
[EventType "swiss"]
[EventRounds "9"]
[EventCountry "ROU"]
[SourceTitle "CBM 153 Extra"]
[Source "ChessBase"]
[SourceDate "2013.04.22"]
[SourceVersion "1"]
[SourceVersionDate "2013.04.22"]
[SourceQuality "1"]

1. d4 d5 2. Nf3 Nf6 3. c4 e6 4. Nc3 c6 5. Bf4 Nbd7 6. e3 Be7 7. Bd3 dxc4 8. Bxc4 Nb6 9. Bb3 Nbd5 10. Nxd5 exd5 11. 0-0 0-0 12. Rc1 Nh5 13. Be5 f6 14. Bg3 Nxg3 15. hxg3 Kh8 16. Qd3 g6 17. Rfd1 Bf5 18. Qd2 Kg7 19. Bc2 Be4 20. Qe2 Rh8 21. a3 h5 22. Kf1 f5 23. b4 a6 24. Bb3 h4 25. gxh4 Bxh4 26. Nxh4 Qxh4 27. f3 Qg3 28. Qf2 Bd3+ 29. Rxd3 Rh1+ 30. Ke2 Qxf2+ 31. Kxf2 Rxc1 32. Rd2 Rc3 33. Rb2 a5 34. bxa5 Rxa5 35. Bd1 b5 36. Ra2 Raxa3 37. Rxa3 Rxa3 38. Be2 b4 0-1

[Event "ROM-ch U14 Girls"]
[Site "Calimanesti"]
[Date "2013.04.03"]
[Round "3"]
[White "Cimpean, Andra"]
[Black "Marechal, Andy"]
[Result "1-0"]
[WhiteElo "1641"]
[BlackElo "1523"]
[PlyCount "179"]
[EventDate "2013.04.02"]
[EventType "swiss"]
[EventRounds "9"]
[EventCountry "ROU"]
[SourceTitle "CBM 153 Extra"]
[Source "ChessBase"]
[SourceDate "2013.04.22"]
[SourceVersion "1"]
[SourceVersionDate "2013.04.22"]
[SourceQuality "1"]

1. e4 e5 2. Nf3 Nf6 3. Nxe5 d6 4. Nf3 Nxe4 5. d3 Nf6 6. Bg5 Be7 7. Be2 0-0 8. 0-0 Nc6 9. Nc3 Bf5 10. Nh4 Be6 11. Nf3 Re8 12. Re1 h6 13. Bh4 Nd5 14. Bxe7 Qxe7 15. Nxd5 Bxd5 16. c4 Be6 17. d4 d5 18. cxd5 Bxd5 19. Bc4 Qd6 20. Bxd5 Qxd5 21. Qb3 Qxb3 22. axb3 Rxe1+ 23. Rxe1 Rd8 24. Rd1 Kf8 25. Kf1 a6 26. Ke2 Ke7 27. Kd3 Nxd4 28. Nxd4 c5 29. Kc4 cxd4 30. Rxd4 Rxd4+ 31. Kxd4 Kd6 32. b4 Kc6 33. Kc4 b6 34. h3 g6 35. g3 Kd6 36. Kd4 Ke6 37. Ke4 f5+ 38. Kd4 Kd6 39. f4 Kc6 40. Ke5 Kb5 41. Kf6 Kxb4 42. Kxg6 Kb3 43. Kxf5 Kxb2 44. Kg6 a5 45. f5 a4 46. f6 a3 47. f7 a2 48. f8Q a1Q 49. Qg7+ Kb1 50. Qxa1+ Kxa1 51. Kxh6 b5 52. g4 b4 53. g5 b3 54. g6 b2 55. g7 b1Q 56. g8Q Qb6+ 57. Kh7 Qb1+ 58. Qg6 Qh1 59. Qf6+ Ka2 60. h4 Qe4+ 61. Kg8 Qg4+ 62. Kh8 Qh5+ 63. Kg7 Qg4+ 64. Kh6 Qc8 65. Qf7+ Kb2 66. h5 Qc6+ 67. Kh7 Kc3 68. h6 Kb4 69. Kg7 Qg2+ 70. Kh8 Qa8+ 71. Qg8 Qa1+ 72. Qg7 Qa8+ 73. Kh7 Qe4+ 74. Kg8 Qd5+ 75. Qf7 Qg5+ 76. Kh7 Qe3 77. Qf8+ Kb5 78. Qf5+ Kb4 79. Qg4+ Kb5 80. Qd7+ Kb4 81. Qb7+ Kc4 82. Qa6+ Kd5 83. Qb5+ Kd6 84. Qb8+ Ke7 85. Qc7+ Kf6 86. Qg7+ Kf5 87. Qg6+ Kf4 88. Kg8 Qh3 89. h7 Qc8+ 90. Kg7 1-0

[Event "Juvisy sur Orge"]
[Site "Juvisy sur Orge"]
[Date "2013.03.30"]
[Round "7"]
[White "Marechal, Andy"]
[Black "Valuet, Bertrand"]
[Result "1-0"]
[WhiteElo "2358"]
[BlackElo "2284"]
[PlyCount "67"]
[EventDate "2013.03.24"]
[EventType "tourn"]
[EventRounds "9"]
[EventCountry "FRA"]
[EventCategory "5"]
[SourceTitle "CBM 153 Extra"]
[Source "ChessBase"]
[SourceDate "2013.04.22"]
[SourceVersion "1"]
[SourceVersionDate "2013.04.22"]
[SourceQuality "1"]

1. Nf3 d5 2. g3 c5 3. Bg2 Nf6 4. 0-0 Nc6 5. d4 e6 6. c3 h6 7. a3 Bd6 8. dxc5 Bxc5 9. b4 Bb6 10. c4 dxc4 11. Nfd2 Bxf2+ 12. Rxf2 Ng4 13. Bb2 Nxf2 14. Kxf2 0-0 15. e3 e5 16. Qe2 Bf5 17. Nc3 Bd3 18. Qf3 Re8 19. Kg1 Re6 20. Nde4 b6 21. b5 Na5 22. Nf6+ Rxf6 23. Qxa8 Qxa8 24. Bxa8 Rd6 25. Rd1 f5 26. a4 Rd8 27. Bd5+ Kh7 28. e4 g6 29. Re1 f4 30. gxf4 exf4 31. e5 Bf5 32. e6 Rc8 33. e7 Bd7 34. Be6 1-0

[Event "Juvisy sur Orge"]
[Site "Juvisy sur Orge"]
[Date "2013.03.28"]
[Round "5"]
[White "Cotonnec, Melkior"]
[Black "Marechal, Andy"]
[Result "1/2-1/2"]
[WhiteElo "2397"]
[BlackElo "2358"]
[PlyCount "175"]
[EventDate "2013.03.24"]
[EventType "tourn"]
[EventRounds "9"]
[EventCountry "FRA"]
[EventCategory "5"]
[SourceTitle "CBM 153 Extra"]
[Source "ChessBase"]
[SourceDate "2013.04.22"]
[SourceVersion "1"]
[SourceVersionDate "2013.04.22"]
[SourceQuality "1"]

1. d4 d5 2. c4 c6 3. Nf3 Nf6 4. e3 Bf5 5. Nc3 e6 6. Nh4 Be4 7. f3 Bg6 8. Qb3 Qb6 9. Nxg6 hxg6 10. Bd2 Nbd7 11. g3 Be7 12. 0-0-0 Qxb3 13. axb3 g5 14. h3 a6 15. Kc2 Rc8 16. c5 g6 17. Be2 Nh5 18. Rdg1 Ng7 19. b4 Bf6 20. Kd3 e5 21. Be1 exd4 22. exd4 Nf5 23. Bf2 Nf8 24. Bd1 Ne6 25. Ne2 Kd7 26. Bc2 Rce8 27. Re1 Rh7 28. Kc3 Reh8 29. Bxf5 gxf5 30. Ng1 Bd8 31. Kd3 Bc7 32. Rf1 f6 33. h4 f4 34. g4 gxh4 35. Nh3 Ng5 36. Be1 Rg8 37. Bd2 Nxh3 38. Rxh3 f5 39. Rg1 Rg6 40. Ke2 Ke6 41. g5 Kf7 42. Be1 Re6+ 43. Kf1 Kg6 44. Bd2 Re8 45. Rgh1 Reh8 46. Be1 Bd8 47. Rxh4 Rxh4 48. Rxh4 Rxh4 49. Bxh4 a5 50. bxa5 Bxa5 51. Be1 Bd8 52. Bh4 Be7 53. Kg2 Bf8 54. b4 Bg7 55. Bf2 Kxg5 56. Kf1 Bf6 57. Ke2 Kg6 58. Ke1 Kh6 59. Ke2 Kh5 60. Kf1 Bg7 61. Ke2 Bf6 62. Kf1 Kh6 63. Ke2 Kg6 64. Ke1 Kf7 65. Kd2 Ke8 66. Kc3 Bd8 67. Be1 Kd7 68. Kb3 Bf6 69. Bf2 Kc7 70. Ka4 Bd8 71. Be1 Bf6 72. Bf2 b6 73. Kb3 Kb7 74. Ka3 Ka7 75. Kb3 Ka6 76. Ka4 Be7 77. Be1 bxc5 78. bxc5 Bg5 79. Kb4 Bf6 80. Bc3 Be7 81. Bd2 Bf6 82. Kc3 Bg5 83. Kb4 Kb7 84. Kc3 Kc7 85. Kd3 Kc8 86. Kc3 Kb7 87. Kb3 Ka6 88. Kb4 1/2-1/2